Dopisy příteli /

Hlavní autor: Hejdánek, Ladislav, 1927-2020
Jazyk: Čeština
Vydáno: Praha : Institut pro středoevropskou kulturu a politiku, 1993
Vydání: 1. vyd.
Edice: Oikúmené (ISE)
Témata:
Fyzický popis: 134 s.
Knihy
Uloženo v:
LEADER 01023nam a2200289 a 4500
001 000035504
003 CZ BrMZK
005 20220110115403.0
007 ta
008 950313s1993 xr f cze d
015 |a cnb000079008 
020 |a 80-85241-10-2 
040 |a BOA001  |b cze 
080 |a 885.0-6  |2 MRF 
100 1 |a Hejdánek, Ladislav,  |d 1927-2020  |7 jk01040550  |4 aut 
245 1 0 |a Dopisy příteli /  |c Ladislav Hejdánek 
250 |a 1. vyd. 
260 |a Praha :  |b Institut pro středoevropskou kulturu a politiku,  |c 1993 
300 |a 134 s. 
490 1 |a Oikúmené 
653 0 |a Charta 77 
830 0 |a Oikúmené (ISE)  |0 s 
910 |a BOA001  |b 2-1013.924  |b PK-0118.990 
990 |a BK 
996 7 |b 2610027542  |c 2-1013.924  |l MZK  |r Sklad / do 1 hodiny  |n 9  |p p.v.  |w 000035504  |u 000010  |a 1  |e BOA001  |j MZK50  |s A 
996 6 |b 2610338794  |c 2-1013.924  |l MZK  |r Sklad / do 1 hodiny  |n 0  |p kup  |w 000035504  |u 000020  |a 1  |e BOA001  |j MZK50  |s P 
996 7 |b 3119996220  |c PK-0118.990  |l MZK  |r Sklad / do 1 hodiny  |n 12  |w 000035504  |u 000030  |a 1  |e BOA001  |j MZK50  |s A